| 000 -LEADER |
| fixed length control field |
00841nam a22001817a 4500 |
| 003 - CONTROL NUMBER IDENTIFIER |
| control field |
OSt |
| 005 - DATE AND TIME OF LATEST TRANSACTION |
| control field |
20180615091622.0 |
| 008 - FIXED-LENGTH DATA ELEMENTS--GENERAL INFORMATION |
| fixed length control field |
180220b xxu||||| |||| 00| 0 spa d |
| 100 ## - ENTRADA PRINCIPAL - NOMBRE DE PERSONA |
| 9 (RLIN) |
1075 |
| Personal name |
Myint, H. L. |
| 245 10 - TITLE STATEMENT |
| Título |
Teorías de la economía del bienestar / |
| Mención de responsabilidad, etc |
H. L. Myint; traducción de Enrique Fuentes Quintana. |
| 260 ## - PUBLICATION, DISTRIBUTION, ETC. (IMPRINT) |
| Place of publication, distribution, etc |
Madrid : |
| Name of publisher, distributor, etc |
Instituto de Estudios Políticos, |
| Date of publication, distribution, etc |
1962. |
| 300 ## - PHYSICAL DESCRIPTION |
| Extent |
413 p. |
| Dimensions |
23 cm. |
| 504 ## - BIBLIOGRAPHY, ETC. NOTE |
| Bibliography, etc |
Bibliografía: p 399-402 |
| 505 ## - FORMATTED CONTENTS NOTE |
| Formatted contents note |
Contenido:<br/>Introducción -- El análisis del bienestar económico desde una perspectiva física -- El análisis del bienestar económico desde una perspectiva subjetiva -- El análisis del bienestar económico desde una perspectiva ética . |
| 650 #0 - SUBJECT ADDED ENTRY--TOPICAL TERM |
| Topical term or geographic name as entry element |
ECONOMIA Y FINANZAS |
| 9 (RLIN) |
292 |
| 700 ## - ADDED ENTRY--PERSONAL NAME |
| 9 (RLIN) |
527 |
| Personal name |
Fuentes Quintana, Enrique |
| Relator term |
traductor |
| 942 ## - ADDED ENTRY ELEMENTS (KOHA) |
| Source of classification or shelving scheme |
|
| Koha item type |
Libros |
| Classification part |
330.8 |
| Item part |
MYI |